| 000 | 00641nam a22002177a 4500 | ||
|---|---|---|---|
| 003 | OSt | ||
| 005 | 20220107122727.0 | ||
| 008 | 140101b xxu||||| |||| 00| 0 eng d | ||
| 020 | _a9788132105770 | ||
| 040 | _cIIITM-K | ||
| 082 | _a001.42 POL/D | ||
| 100 |
_aPolonsky, Michael J _92674 |
||
| 245 |
_aDesigning and managing a research project: _bA business student's guide _cby Michael Jay Polonsky, David S Waller |
||
| 250 | _a2nd ed. | ||
| 260 |
_aNew Delhi, _bSage, _c2010. |
||
| 300 | _axiii, 279p. | ||
| 650 |
_aRESEARCH METHODOLOGY _92675 |
||
| 650 |
_aRESEARCH DESIGN _92676 |
||
| 700 |
_aWaller, David S _92677 |
||
| 942 |
_2ddc _cBK |
||
| 999 |
_c3466 _d3466 |
||